SNL Movie Stars - Statistics

General Stats
  • This quiz has been taken 44 times
  • The average score is 13 of 16
Answer Stats
Hint Answer % Correct
Billy Madison (1995)Happy Gilmore (1996) The Wedding Singer (1998) Uncut Gems (2019) Punch-Drunk Love (2010) Adam Sandler
94%
Mean Girls (2004)Megamind (2010) Baby Mama (2008) Date Night (2010) Muppets Most Wanted (2014) Tina Fey
94%
Elf (2003)Anchorman: The Legend of Ron Burgundy (2004) Step Brothers (2008) The Other Guys (2010) Lego Movie (2014) Barbie (2023) Will Ferrel
94%
Caddyshack (1980)Ghostbusters (1984) Groundhog Day (1993) The Royal Tenenbaums (2001) The Grand Budapest Hotel (2014) Bill Murray
92%
The Blues Brothers (1980)Ghostbusters (1984) Trading Places (1983) Spies Like Us (1985) Driving Miss Daisy (1989) Dan Aykroyd
92%
Caddyshack (1980)Fletch (1985) Spies Like Us (1985) i Three Amigos! (1986) National Lampoon's Vacation (1983) Chevy Chase
89%
Trading Places (1983)Beverly Hills Cop (1984) Coming to America (1988) The Nutty Professor (1996) Shrek (2001) Eddie Murphy
89%
National Lampoon's Animal House (1978)The Blues Brothers (1980) 1941 (1979) Neighbors (1981) Goin ' South (1978) John Belushi
86%
Wayne's World (1992)Austin Powers: The Spy Who Shagged Me (1999) Shrek (2001) Inglourious Basterds (2009) Bohemian Rhapsody (2018) Mike Myers
83%
Wayne's World (1992)Moving (1988) Opportunity Knocks (1990) Trapped in Paradise (1994) The Master of Disguise (2002) Dana Carvey
81%
Chaplin (1992)Zodiac (2007) Tropic Thunder (2008) Iron Man (2008) Avengers: Endgame (2019) Robert Downey Jr.
81%
When Harry Met Sally (1989)Monsters, Inc. (2001) City Slickers (1991) Throw Momma from the Train (1987) Mr. Saturday Night (1992) Billy Crystal
78%
Madagascar (2005)Grown Ups (2010) I Think I Love My Wife (2007) Death at a Funeral (2010) Amsterdam (2022) Chris Rock
75%
iThree Amigos ! (1986)Innerspace (1987) Father of the Bride (1991) Clifford (1994) Madagascar 3: Europe's Most Wanted (2012) Martin Short
75%
Horrible Bosses (2011)We're the Millers (2013) Sleeping with Other People (2015) Horrible Bosses 2 (2014) The Angry Birds Movie (2016) Jason Sudeikis
61%
Despicable Me (2010)Sausage Party (2016) How to Train Your Dragon (2010) Ice Age: Dawn of the Dinosaurs (2009) The Martian (2015) Kristen Wiig
44%
No matching quizzes found
Score Distribution
Percent of People with Each Score
Percentile by Number Answered
Your Score History
You have not taken this quiz